| 000 | 00387nam a2200157Ia 4500 | ||
|---|---|---|---|
| 008 | 230711s9999||||xx |||||||||||||| ||und|| | ||
| 041 | _aENG | ||
| 082 |
_a720 _bPR-H |
||
| 100 | _aPramar,VS | ||
| 245 | 0 | _aHaveli : wooden houses and mansions of gujarat | |
| 250 | _a1st | ||
| 260 |
_c1989 _aNew Delhi _bMapin Publishing Pvt.Ltd |
||
| 300 | _a238 | ||
| 650 | _aArchitecture | ||
| 942 | _cBK | ||
| 999 |
_c2202 _d2202 |
||